=LDR 00000nam 2200000 4500 =001 INLIS000000000022469 =005 20130612121226 =008 ***********************************Ind** =035 ##$$0010-061300000022469 =041 ##$$a Ind =082 ##$$a 813 =090 ##$$a 813, Sud-s =100 ##$$a Sudyarto Ds, Sides =245 ##$$a Salat lebaran di sebuah kamp konsentrasi, Kumpulan cerpen, Sides Sudyarto Ds =260 ##$$a 2006 $b Jakarta =300 ##$$a 210 hlm., 18 cm =650 ##$$a Sastra Indonesia =850 ##$$a NBPNMAT =990 ##$$a 0001/BPAP-NTB/20142014